000 00662nam a22001937a 4500
999 _c58052
_d58052
005 20210602124044.0
008 210602s2019 enk||||| |||| 00| 0 eng d
020 _a9789811505232
041 _aeng
080 _a376 D-63
245 _aDisability Inclusion and Inclusive Education /
_cEditor Sailaja Chennat.
264 _aDelhi :
_bSpringer,
_c2019.
300 _a193 p.
_b24 cm.
653 _aინკლუზიური განათლება
653 _aDisability Inclusion and Inclusive Education
653 _aинклюзивное образование
700 _aChennat, Sailaja
_eრდაქტორი
_911933
942 _2udc
_cBK